Die Sammlung Boisserée : Konzeption und Rezeptionsgeschichte einer romantischen Kunstsammlung zwischen 1804 und 1827

Saved in:
Bibliographic Details
Main Author: Heckmann, Uwe (Author)
Document Type: Online Resource Book
Language:German
Published: München : Fink , 2003
Series:Neuzeit & Gegenwart
Subjects:
Online Access:kostenfrei
kostenfrei
Rezension
Related Items:Erscheint auch als: Die Sammlung Boisserée
Rezensiert in: [Rezension von: Uwe Heckmann, Die Sammlung Boisserée]
Author Notes:Uwe Heckmann
LEADER 06901cam a22014412c 4500
001 1652439404
003 DE-627
005 20260418160327.0
007 cr uuu---uuuuu
008 130607s2003 gw |||||om 00| ||ger c
020 |a 3770537661  |9 3-7705-3766-1 
024 7 |a urn:nbn:de:bvb:12-bsb00042664-8  |2 urn 
035 |a (DE-627)1652439404 
035 |a (DE-576)383348374 
035 |a (DE-599)BSZ383348374 
035 |a (OCoLC)1075007729 
035 |a (DE-627-1)000073989 
035 |a (DE-604)BDR-BV017052668-38212 
040 |a DE-627  |b ger  |c DE-627  |e rakwb 
041 |a ger 
044 |c XA-DE 
050 0 |a N5267.B65 
082 0 |a 750.7443 
084 |a 9,10  |2 ssgn 
084 |a LH 26170  |2 rvk  |0 (DE-625)rvk/92760: 
084 |a LH 60400  |2 rvk  |0 (DE-625)rvk/94195: 
084 |a 07  |2 bwlb 
084 |a 862  |2 bwlb 
084 |a 20.00  |2 bkl 
100 1 |a Heckmann, Uwe  |d 1962-  |0 (DE-588)115557407  |0 (DE-627)077327551  |0 (DE-576)289947979  |4 aut 
245 1 0 |a Die Sammlung Boisserée  |b Konzeption und Rezeptionsgeschichte einer romantischen Kunstsammlung zwischen 1804 und 1827  |c Uwe Heckmann 
264 1 |a München  |b Fink  |c 2003 
300 |a 405 S.  |b Ill. : 24 cm 
336 |a Text  |b txt  |2 rdacontent 
337 |a Computermedien  |b c  |2 rdamedia 
338 |a Online-Ressource  |b cr  |2 rdacarrier 
490 0 |a Neuzeit & Gegenwart 
500 |a Teilw. zugl.: Marburg, Univ., Diss., 1996 
530 |a Volltext // 2010 digitalisiert von: Bayerische Staatsbibliothek, München. Exemplar der Bayerischen Staatsbibliothek mit der Signatur: PVB 2003.3608 
533 |a Online-Ausg.  |b München  |c Bayerische Staatsbibliothek  |d 2010  |e Online-Ressource  |n Volltext // 2010 digitalisiert von: Bayerische Staatsbibliothek, München. Exemplar der Bayerischen Staatsbibliothek mit der Signatur: PVB 2003.3608  |7 |2010|||||||||| 
648 4 |a Geschichte 1200-1600 
648 4 |a Geschichte 1804-1827 
650 4 |a Kunstkritiek 
650 4 |a Particuliere verzamelingen 
650 4 |a Boisserée, Sulpiz <1783-1854> ; Art collections 
650 4 |a Boisserée, Melchior ; 1786-1851 ; rswk-swf 
650 4 |a Boisserée, Sulpiz ; 1783-1854 ; rswk-swf 
650 4 |a Alte Pinakothek (Munich, Germany) 
650 4 |a Geschichte 1200-1600 ; rswk-swf 
650 4 |a Geschichte 1804-1827 ; rswk-swf 
650 4 |a Bertram, Johann B <1776-1841> ; (Johann Baptist) ; Art collections 
650 4 |a Boisserée, Melchior <1786-1851> ; Art collections 
650 4 |a Kunst 
650 4 |a Art ; Private collections ; Germany 
650 4 |a Art ; Germany ; Munich 
650 4 |a Painting, German 
650 4 |a Painting, Medieval ; Germany 
650 4 |a Sammlung ; rswk-swf 
650 4 |a Rezeption ; rswk-swf 
650 4 |a Kunst ; rswk-swf 
650 4 |a Erwerbungsprofil ; rswk-swf 
650 4 |a Deutschland 
650 4 |a Niederrhein-Gebiet ; rswk-swf 
655 7 |a Hochschulschrift  |0 (DE-588)4113937-9  |0 (DE-627)105825778  |0 (DE-576)209480580  |2 gnd-content 
689 0 0 |d p  |0 (DE-588)11851301X  |0 (DE-627)136474802  |0 (DE-576)160355273  |a Boisserée, Sulpiz  |d 1783-1854  |2 gnd 
689 0 1 |d s  |0 (DE-588)4128844-0  |0 (DE-627)105714259  |0 (DE-576)209605545  |a Sammlung  |2 gnd 
689 0 2 |d s  |0 (DE-588)4114333-4  |0 (DE-627)105822957  |0 (DE-576)209483733  |a Kunst  |2 gnd 
689 0 3 |d s  |0 (DE-588)4049716-1  |0 (DE-627)104675152  |0 (DE-576)209083182  |a Rezeption  |2 gnd 
689 0 4 |d s  |0 (DE-588)4571014-4  |0 (DE-627)306916274  |0 (DE-576)213822288  |a Erwerbungsprofil  |2 gnd 
689 0 5 |a z  |2 gnd  |a Geschichte 1804-1827 
689 0 |5 (DE-627) 
689 1 0 |d p  |0 (DE-588)119315378  |0 (DE-627)225397420  |0 (DE-576)212075411  |a Boisserée, Melchior  |d 1786-1851  |2 gnd 
689 1 1 |d s  |0 (DE-588)4128844-0  |0 (DE-627)105714259  |0 (DE-576)209605545  |a Sammlung  |2 gnd 
689 1 2 |d s  |0 (DE-588)4114333-4  |0 (DE-627)105822957  |0 (DE-576)209483733  |a Kunst  |2 gnd 
689 1 3 |d s  |0 (DE-588)4049716-1  |0 (DE-627)104675152  |0 (DE-576)209083182  |a Rezeption  |2 gnd 
689 1 4 |d s  |0 (DE-588)4571014-4  |0 (DE-627)306916274  |0 (DE-576)213822288  |a Erwerbungsprofil  |2 gnd 
689 1 5 |a z  |2 gnd  |a Geschichte 1804-1827 
689 1 |5 (DE-627) 
689 2 0 |d g  |0 (DE-588)4115388-1  |0 (DE-627)104434619  |0 (DE-576)209492791  |a Niederrhein-Gebiet  |2 gnd 
689 2 1 |d s  |0 (DE-588)4114333-4  |0 (DE-627)105822957  |0 (DE-576)209483733  |a Kunst  |2 gnd 
689 2 2 |d s  |0 (DE-588)4128844-0  |0 (DE-627)105714259  |0 (DE-576)209605545  |a Sammlung  |2 gnd 
689 2 3 |a z  |2 gnd  |a Geschichte 1200-1600 
689 2 4 |d s  |0 (DE-588)4114333-4  |0 (DE-627)105822957  |0 (DE-576)209483733  |a Kunst  |2 gnd 
689 2 5 |d s  |0 (DE-588)4049716-1  |0 (DE-627)104675152  |0 (DE-576)209083182  |a Rezeption  |2 gnd 
689 2 6 |d s  |0 (DE-588)4571014-4  |0 (DE-627)306916274  |0 (DE-576)213822288  |a Erwerbungsprofil  |2 gnd 
689 2 7 |a z  |2 gnd  |a Geschichte 1804-1827 
689 2 |5 (DE-627) 
776 1 |z 3770537661 
776 0 8 |i Erscheint auch als  |n Druck-Ausgabe  |a Heckmann, Uwe, 1962 -   |t Die Sammlung Boisserée  |d München : Fink, 2003  |h 405 S.  |w (DE-627)357846923  |w (DE-576)103654836  |z 3770537661 
787 0 8 |i Rezensiert in  |a Benner, Iris, 1969 -   |t [Rezension von: Uwe Heckmann, Die Sammlung Boisserée]  |d 2004  |w (DE-627)1919532234 
856 4 0 |u http://mdz-nbn-resolving.de/urn:nbn:de:bvb:12-bsb00042664-8  |m X:DE-12  |x Resolving-System  |z kostenfrei  |7 0 
856 4 0 |u https://nbn-resolving.org/urn:nbn:de:bvb:12-bsb00042664-8  |m X:DE-12  |x Resolving-System  |z kostenfrei  |7 0 
856 4 2 |u http://www.sehepunkte.de/2004/03/2723.html  |m V:DE-576;X:Sehepunkte  |q text/html  |v 20180424122851  |3 Rezension  |7 1 
912 |a ZDB-57-DFS 
936 r v |a LH 26170  |b München  |k Kunstgeschichte  |k Allgemeines. Allgemeine Kunstgeschichte  |k Lexika, Bibliografien, Bibliothekskataloge  |k Kataloge kunstwissenschaftlicher Bibliotheken  |k Orte M  |k München  |0 (DE-627)1271284294  |0 (DE-625)rvk/92760:  |0 (DE-576)201284294 
936 r v |a LH 60400  |b Kunstsammeln  |k Kunstgeschichte  |k Allgemeines. Allgemeine Kunstgeschichte  |k Kunstkennerschaft und Mäzenatentum  |k Kunstsammeln  |0 (DE-627)1270643045  |0 (DE-625)rvk/94195:  |0 (DE-576)200643045 
936 b k |a 20.00  |j Kunstwissenschaften: Allgemeines  |q SEPA  |0 (DE-627)106406493 
951 |a BO 
994 |u https://www.digitale-sammlungen.de/en/view/bsb00042664 
994 |u https://www.digitale-sammlungen.de/en/view/bsb00042664 
994 |u https://www.sehepunkte.de/2004/03/2723.html 
990 |a Boisserée, Sulpiz 
990 |a Sammlung 
990 |a Kunst 
990 |a Rezeption 
990 |a Erwerbungsprofil 
990 |a Geschichte 1804-1827 
990 |a Boisserée, Melchior 
990 |a Sammlung 
990 |a Kunst 
990 |a Rezeption 
990 |a Erwerbungsprofil 
990 |a Geschichte 1804-1827 
990 |a Niederrhein-Gebiet 
990 |a Kunst 
990 |a Sammlung 
990 |a Geschichte 1200-1600 
990 |a Kunst 
990 |a Rezeption 
990 |a Erwerbungsprofil 
990 |a Geschichte 1804-1827 
991 |a Rezensiertes Werk 
999 |a KXP-PPN1652439404  |e 4988410080